000 00907cam a2200265 i 4500
005 20160113100422.0
008 960129s1994 ve b b 100 0 spa
020 _a980071717X
040 _aDLC
_cDLC
_dCO-BoIAVH
041 0 _aspa
043 _as-ve---
044 _ave
082 0 4 _a598.710987
_bB61b
245 0 0 _aBiología y conservación de los psitácidos de Venezuela /
_ceditores, Gonzalo Morales y (otros cuatro editores).
260 _aCaracas :
_b[Sin editorial],
_c1994.
300 _a329 páginas :
_bilustraciones y mapas ;
_c28 cm.
546 _aAbstracts in Spanish and English.
650 1 4 _aLoros
_zVenezuela
_950506
650 2 4 _aLoros
_xConservación
_zVenezuela
_950507
700 1 _aMorales, Gonzalo,
_eeditor.
_912348
700 1 _aNovo, Isabel,
_eeditora.
_912351
700 1 _aBigio, Déborah,
_eeditor.
_912352
700 1 _aLuy, Alejandro,
_eeditor.
_912353
942 _2ddc
_cLIBRO
999 _c1451
_d1451